Profil učitele a současná společnost. XII. konference ČAPV.

Uložené v:
Podrobná bibliografia
Médium: Elektronický zdroj
Jazyk:Slovak
Tagy: Pridať tag
Žiadne tagy, Buďte prvý kto otaguje tento záznam!

MARC

LEADER 00000nmm a2200000 a 4500
001 000315708
005 00000000000000.0
008 s xo |||| slo#d
245 |a Profil učitele a současná společnost. XII. konference ČAPV.  |h elektronický zdroj 
500 |a Záznam neprešiel kontrolou 
910 |a svkkk 
998 |a ER 
090 |g SCKHL  |k Konzultanti  |a CDK.1625  |i 2720409873  |s Prezenčne CD, DVD